000 01634cam a2200421 a 4500
001 ocn649701986
003 TZ-ArACH
005 20210323123039.0
008 100714s2010 enk b 001 0 eng
010 _a 2010029644
015 _aGBB055265
_2bnb
016 7 _a015540672
_2Uk
020 _a9780199592678
_q(alk. paper)
020 _a0199592675
_q(alk. paper)
035 _a(OCoLC)649701986
040 _aDLC
_beng
_cTZ-ArACH
042 _apcc
043 _ae------
049 _aTZAA
050 0 0 _aKJC5138
_b.F67 2010
100 1 _aForowicz, Magdalena.
245 1 4 _aReception of international law in the European Court of Human Rights /
_cMagdalena Forowicz.
260 _aOxford ;
_aNew York :
_bOxford University Press,
_c2010.
300 _axxxiii, 421 pages ;
_c25 cm.
490 1 _aInternational courts and tribunals series
500 _aPreviously issued as author's dissertation.
504 _aIncludes bibliographical references (pages 406-415) and index.
505 0 _aThe law of treaties -- International Court of Justice -- Child rights -- Civil and political rights -- Prohibition on torture and other ill-treatment -- Refugee rights -- State immunity -- International humanitarian law -- Conclusion.
610 2 0 _aEuropean Court of Human Rights.
610 2 7 _aEuropean Court of Human Rights.
_2fast
650 0 _aHuman rights
_zEurope.
650 0 _aInternational and municipal law
_zEurope.
650 7 _aHuman rights.
_2fast
650 7 _aInternational and municipal law.
_2fast
651 7 _aEurope.
_2fast
830 0 _aInternational courts and tribunals series.
942 _2lcc
_cBOOK
999 _c6204
_d6204